000 00732nam a22002657i 4500
003 DO-SdBNP
005 20260129101753.0
007 ta
008 250721b2024 |||||||| |||| 00| 0 spa d
020 _a9788435062329
040 _aDO-SdBNP
_bspa
_cBNPHU
_erda
041 _asp
082 _axxx
_bB664
_222
100 1 _aBocanegra, Enrique
_eautor
_4aut.
_988100
245 1 0 _aEl ataque a La Española /
_cEnrique Bocanegra
250 _aPrimera edición
264 _aBarcelona :
_bEdhasa,
_c2024.
300 _a251 páginas ;
_c24 cm
336 _ardacontent
_btexto
_2txt
337 _ardamedia
_bsin mediación
_2n
338 _ardacarrier
_bvolumen
_2nc
590 _aInventariado, 2025/DG
910 _aDG
942 _2ddc
_cLBS1
999 _c58528
_d58528